Sensation and perception / (Record no. 2932)

000 -LEADER
fixed length control field 01131nam a2200325 a 4500
001 - CONTROL NUMBER
control field 2507706
003 - CONTROL NUMBER IDENTIFIER
control field OSt
005 - DATE AND TIME OF LATEST TRANSACTION
control field 20180117085952.0
008 - FIXED-LENGTH DATA ELEMENTS--GENERAL INFORMATION
fixed length control field 940505s1994 txua b 001 0 eng
010 ## - LIBRARY OF CONGRESS CONTROL NUMBER
LC control number 92075501
020 ## - INTERNATIONAL STANDARD BOOK NUMBER
International Standard Book Number 0155001035
040 ## - CATALOGING SOURCE
Original cataloging agency DLC
Transcribing agency DLC
050 00 - LIBRARY OF CONGRESS CALL NUMBER
Classification number BF233
Item number .C59 1994
082 00 - DEWEY DECIMAL CLASSIFICATION NUMBER
Classification number 153.7
Edition number 20
100 1# - MAIN ENTRY--PERSONAL NAME
Personal name Coren, Stanley.
245 10 - TITLE STATEMENT
Title Sensation and perception /
Statement of responsibility, etc. Stanley Coren, Lawrence M. Ward, James T. Enns.
250 ## - EDITION STATEMENT
Edition statement 4th ed.
260 ## - PUBLICATION, DISTRIBUTION, ETC.
Place of publication, distribution, etc. Fort Worth, TX :
Name of publisher, distributor, etc. Harcourt Brace College Publishers,
Date of publication, distribution, etc. c1994.
300 ## - PHYSICAL DESCRIPTION
Extent xi, 747 p. :
Other physical details ill. ;
Dimensions 24 cm.
500 ## - GENERAL NOTE
General note One transparency in pocket.
504 ## - BIBLIOGRAPHY, ETC. NOTE
Bibliography, etc. note Includes bibliographical references (p. [649]-716) and indexes.
650 #0 - SUBJECT ADDED ENTRY--TOPICAL TERM
Topical term or geographic name entry element Senses and sensation.
650 #0 - SUBJECT ADDED ENTRY--TOPICAL TERM
Topical term or geographic name entry element Perception.
700 1# - ADDED ENTRY--PERSONAL NAME
Personal name Ward, Lawrence M.
700 1# - ADDED ENTRY--PERSONAL NAME
Personal name Enns, James T.
906 ## - LOCAL DATA ELEMENT F, LDF (RLIN)
a 7
b cbc
c orignew
d 3
e opcn
f 19
g y-gencatlg
942 ## - ADDED ENTRY ELEMENTS (KOHA)
Source of classification or shelving scheme
Koha item type Book
Holdings
Withdrawn status Lost status Source of classification or shelving scheme Damaged status Not for loan Collection code Permanent Location Current Location Shelving location Date acquired Total Checkouts Full call number Barcode Date last seen Price effective from Koha item type
            Central Library (CL) Central Library (CL) General Stacks 03/26/2016   153.7 COR S3H-N-165 03/26/2016 03/26/2016 Book
© 2023 Central Library, National University of Sciences and Technology. All Rights Reserved.